000 00358nam a2200145Ia 4500
008 220217s9999||||xx |||||||||||||| ||und||
020 _a9780070144774
082 _a621.8 RAT
100 _aRattan, S.S
245 0 _aTheory of Machines
250 _a3
260 _aTata mc graw hill
_bNew Delhi
_c2011
300 _axvi;711
_b375
650 _aMachine
999 _c182047
_d182047